00417 2200169 4500001002100000008004100021035002000062245002500082100002100107260002800128300002400156020002200180084001400202082000800216650000800224990001500232INLIS000000000003300 ind  a0010-1225000121 aTubuh pediacWildson aWildson, Wildson aJakartabGramediac2025 a272 hlmc21 x 26 cm a978-979-91-0980-4 a610 WIL t a610 aIPA a19776/B/26